[Event "Madrdid ch 2015 - Semifinal B"]
[Site "Madrid ESP"]
[Date "2015.03.13"]
[Round "4.12"]
[White "Herranz Sanchez, Pablo"]
[Black "De Dompablo Fantova, Juan"]
[Result "1-0"]
[WhiteElo "1899"]
[BlackElo "1722"]
[PlyCount "77"]
[EventDate "2015.03.05"]
[EventType "swiss"]
[EventRounds "9"]
[EventCountry "ESP"]
[Source "lmi"]
[SourceDate "2015.03.05"]

1. e4 c5 2. Nf3 d6 3. d4 cxd4 4. Nxd4 Nf6 5. Nc3 g6 6. Be2 Bg7 7. Be3 O-O 8.
Qd2 Nc6 9. O-O-O Bd7 10. f3 Nxd4 11. Bxd4 Qa5 12. Kb1 Rfe8 13. Bxf6 exf6 14.
Qd5 Qb6 15. Qxd6 Bc6 16. Nd5 Bxd5 17. Rxd5 Qf2 18. Bb5 Qxg2 19. Rhd1 Rad8 20.
Qxd8 Rxd8 21. Rxd8+ Bf8 22. a3 Kg7 23. Bc4 Qxh2 24. R1d7 Qg1+ 25. Ka2 Bc5 26.
Rxf7+ Kh6 27. Rdd7 Qf2 28. Bd3 Bd4 29. f4 Kh5 30. e5 fxe5 31. fxe5 Qe3 32.
Rxh7+ Kg5 33. Rdg7 Qxe5 34. Rxg6+ Kf4 35. Bc4 Qc5 36. Rf7+ Ke3 37. Rg3+ Kd2 38.
Rg2+ Ke1 39. Rf1# 1-0

[Event "Madrdid ch 2015 - Semifinal B"]
[Site "Madrid ESP"]
[Date "2015.03.13"]
[Round "4.13"]
[White "Yeves Miquel, Enrique"]
[Black "Largo Barbero, Benito"]
[Result "1/2-1/2"]
[WhiteElo "1715"]
[BlackElo "1961"]
[PlyCount "93"]
[EventDate "2015.03.05"]
[EventType "swiss"]
[EventRounds "9"]
[EventCountry "ESP"]
[Source "lmi"]
[SourceDate "2015.03.05"]

1. d4 Nf6 2. c4 g6 3. Nc3 Bg7 4. e4 d6 5. h3 O-O 6. Bg5 Na6 7. Bd3 e5 8. d5 Qe8
9. Nge2 Nd7 10. a3 f5 11. b4 Qf7 12. f3 f4 13. Bh4 Nf6 14. Bf2 c6 15. Qb3 cxd5
16. cxd5 Nc7 17. Rc1 g5 18. Nb5 Nxb5 19. Bxb5 h5 20. Kd2 Bh6 21. Bd3 Re8 22.
Nc3 a6 23. Ke2 Bf8 24. Na4 b5 25. Nb6 Rb8 26. Nxc8 Rexc8 27. Rc2 Qd7 28. Rhc1
g4 29. hxg4 hxg4 30. Rxc8 Rxc8 31. Rxc8 Qxc8 32. Qc2 gxf3+ 33. gxf3 Qh3 34. Qc1
Be7 35. Qf1 Qc8 36. Kd2 Kf7 37. Qh1 Qg8 38. Bf1 Nh7 39. Qh5+ Kf8 40. Qf5+ Kg7
41. Qd7 Qd8 42. Qxd8 Bxd8 43. Bd3 Nf6 44. a4 bxa4 45. Bxa6 Nd7 46. Bb5 Nb6 47.
Bxb6 1/2-1/2

[Event "Madrdid ch 2015 - Semifinal B"]
[Site "Madrid ESP"]
[Date "2015.03.13"]
[Round "4.14"]
[White "Fernandez Garcia, Ignacio"]
[Black "Enfedaque Jimenez, Juan Carlos"]
[Result "0-1"]
[WhiteElo "1873"]
[BlackElo "1758"]
[PlyCount "40"]
[EventDate "2015.03.05"]
[EventType "swiss"]
[EventRounds "9"]
[EventCountry "ESP"]
[Source "lmi"]
[SourceDate "2015.03.05"]

1. e4 c5 2. Nf3 Nc6 3. d4 cxd4 4. Nxd4 g6 5. Nc3 Bg7 6. Be3 Nf6 7. f3 O-O 8. g4
Qb6 9. Qd2 Nxg4 10. Na4 Nxd4 11. Bxd4 Qxd4 12. Qxd4 Bxd4 13. fxg4 d6 14. h3 Bd7
15. Nc3 Rac8 16. Nd5 Rxc2 17. Bd3 Rxb2 18. Rc1 e6 19. Ne7+ Kg7 20. Rf1 Re8 0-1

[Event "Madrdid ch 2015 - Semifinal B"]
[Site "Madrid ESP"]
[Date "2015.03.14"]
[Round "5.1"]
[White "Veganzones Rojo, David"]
[Black "Garcia Serrano, Jose M"]
[Result "1-0"]
[WhiteElo "2070"]
[BlackElo "1773"]
[PlyCount "51"]
[EventDate "2015.03.05"]
[EventType "swiss"]
[EventRounds "9"]
[EventCountry "ESP"]
[Source "lmi"]
[SourceDate "2015.03.05"]

1. d4 d5 2. c4 Nc6 3. Nc3 dxc4 4. Nf3 Nf6 5. Bg5 e6 6. e3 Na5 7. Ne5 Be7 8.
Nxf7 Kxf7 9. Bxf6 Kxf6 10. Qh5 Bb4 11. O-O-O Bxc3 12. Qe5+ Kf7 13. bxc3 c6 14.
h4 Rf8 15. h5 Kg8 16. h6 Qf6 17. Qxa5 Qxf2 18. Qe5 Qf6 19. hxg7 Qxg7 20. Bxc4
Qxe5 21. dxe5 Kg7 22. Rd4 b5 23. Bd3 Rf7 24. Rxh7+ Kf8 25. Rh8+ Ke7 26. Rdd8
1-0

[Event "Madrdid ch 2015 - Semifinal B"]
[Site "Madrid ESP"]
[Date "2015.03.14"]
[Round "5.2"]
[White "Saribekyan, Garnik"]
[Black "Hinojar Diez, David"]
[Result "0-1"]
[WhiteElo "1678"]
[BlackElo "2164"]
[PlyCount "74"]
[EventDate "2015.03.05"]
[EventType "swiss"]
[EventRounds "9"]
[EventCountry "ESP"]
[Source "lmi"]
[SourceDate "2015.03.05"]

1. e4 c5 2. b4 d6 3. bxc5 dxc5 4. Nf3 Nc6 5. Bc4 e6 6. O-O Nf6 7. Nc3 a6 8. a4
Bd6 9. Re1 Qc7 10. Rb1 O-O 11. h3 Nd7 12. d3 Nde5 13. Nxe5 Bxe5 14. Ne2 Nd4 15.
Rf1 Bd7 16. f4 Nxe2+ 17. Qxe2 Bd4+ 18. Be3 Bxa4 19. f5 exf5 20. Rxf5 Bd7 21.
Rf3 Be6 22. Bxe6 fxe6 23. Rbf1 Rxf3 24. Rxf3 a5 25. Bxd4 cxd4 26. e5 a4 27. Qe4
Qd7 28. Rf1 a3 29. Ra1 a2 30. Kf2 Qa4 31. Qxb7 Qxc2+ 32. Kg3 Qxd3+ 33. Kh2 Qa6
34. Qb2 d3 35. Kh1 h6 36. Kh2 Qc4 37. Qb7 Qe4 0-1

[Event "Madrdid ch 2015 - Semifinal B"]
[Site "Madrid ESP"]
[Date "2015.03.14"]
[Round "5.3"]
[White "Rodrigo Yanguas, Maria"]
[Black "Martin Hernandez, Vicente"]
[Result "1/2-1/2"]
[WhiteElo "2184"]
[BlackElo "1935"]
[PlyCount "83"]
[EventDate "2015.03.05"]
[EventType "swiss"]
[EventRounds "9"]
[EventCountry "ESP"]
[Source "lmi"]
[SourceDate "2015.03.05"]

1. e4 c5 2. Nf3 d6 3. d4 cxd4 4. Nxd4 Nf6 5. Nc3 a6 6. Be2 e5 7. Nb3 Be7 8. Be3
Be6 9. Nd5 Nbd7 10. Qd3 Bxd5 11. exd5 Nb6 12. c4 Rc8 13. Nd2 Qc7 14. O-O O-O
15. f4 exf4 16. Rxf4 Nbd7 17. Bd4 Ne5 18. Qg3 Ng6 19. Rf5 Kh8 20. Raf1 Rce8 21.
h4 h6 22. h5 Ne5 23. Nf3 Ne4 24. Qf4 Nxf3+ 25. gxf3 Bg5 26. Qh2 Bf6 27. Bxf6
Nxf6 28. Kh1 Qe7 29. Bd3 Qe3 30. Rd1 Re5 31. Qg1 Rfe8 32. Qxe3 Rxe3 33. b4 Re1+
34. Rxe1 Rxe1+ 35. Kg2 Rd1 36. Be4 b6 37. c5 bxc5 38. bxc5 dxc5 39. d6 Rxd6 40.
Bb7 Rb6 41. Bc8 Rc6 42. Bb7 1/2-1/2

[Event "Madrdid ch 2015 - Semifinal B"]
[Site "Madrid ESP"]
[Date "2015.03.14"]
[Round "5.4"]
[White "Perez De Aranda A., Leonardo I"]
[Black "Martin Rodriguez, Emilio"]
[Result "1-0"]
[WhiteElo "2094"]
[BlackElo "2091"]
[PlyCount "129"]
[EventDate "2015.03.05"]
[EventType "swiss"]
[EventRounds "9"]
[EventCountry "ESP"]
[Source "lmi"]
[SourceDate "2015.03.05"]

1. e4 c6 2. d4 d5 3. f3 e6 4. Nc3 a6 5. Bf4 Nf6 6. Qd3 b5 7. Nge2 b4 8. Na4 a5
9. O-O-O Be7 10. Kb1 Ba6 11. Qe3 Bb5 12. Nc5 dxe4 13. Ng3 Nd5 14. Qxe4 a4 15.
Bxb5 cxb5 16. Bd2 a3 17. b3 Bxc5 18. dxc5 Qf6 19. c3 bxc3 20. Bc1 c2+ 21. Kxc2
Qc3+ 22. Kb1 Qxc5 23. Bd2 O-O 24. Rc1 Qe7 25. Nf5 Qf6 26. Nd4 Nd7 27. h4 Rfc8
28. Bg5 Qg6 29. Qxg6 hxg6 30. Nxb5 Rc5 31. Rxc5 Nxc5 32. Bc1 Nd3 33. Rd1 Ne5
34. Rd4 Ra5 35. Nxa3 Nc3+ 36. Ka1 f6 37. Bd2 Rc5 38. b4 Rc8 39. Kb2 Nd5 40. f4
Nd7 41. Nc4 Rb8 42. Na5 N7b6 43. Kb3 Kf7 44. a4 e5 45. fxe5 fxe5 46. Re4 Kf6
47. Rxe5 Rd8 48. Bg5+ Kxe5 49. Nc6+ Kd6 50. Nxd8 Nf6 51. a5 Nbd7 52. Kc4 Ne5+
53. Kb5 Nd5 54. Nb7+ Kc7 55. Nc5 Nc3+ 56. Ka6 Kc6 57. Bd2 Nb5 58. Nb3 Nf7 59.
Be3 Nfd6 60. Nd4+ Nxd4 61. Bxd4 Nb5 62. Bxg7 Nc7+ 63. Ka7 Nb5+ 64. Kb8 Nc7 65.
Bc3 1-0

[Event "Madrdid ch 2015 - Semifinal B"]
[Site "Madrid ESP"]
[Date "2015.03.14"]
[Round "5.5"]
[White "Vallejo Nuno, Jorge"]
[Black "Ruiz Sanchez, Roberto"]
[Result "1/2-1/2"]
[WhiteElo "2035"]
[BlackElo "1897"]
[PlyCount "30"]
[EventDate "2015.03.05"]
[EventType "swiss"]
[EventRounds "9"]
[EventCountry "ESP"]
[Source "lmi"]
[SourceDate "2015.03.05"]

1. f4 d5 2. Nf3 Nf6 3. g3 c5 4. Bg2 Nc6 5. O-O Bf5 6. d3 h6 7. Nh4 Bh7 8. f5 e6
9. fxe6 fxe6 10. Na3 Be7 11. c4 O-O 12. cxd5 Nxd5 13. Nf3 Kh8 14. Nc4 Bf6 15.
Ne3 Qd6 1/2-1/2

[Event "Madrdid ch 2015 - Semifinal B"]
[Site "Madrid ESP"]
[Date "2015.03.14"]
[Round "5.6"]
[White "Vazquez Gonzalez, Jesus"]
[Black "Herranz Sanchez, Pablo"]
[Result "0-1"]
[WhiteElo "2014"]
[BlackElo "1899"]
[PlyCount "86"]
[EventDate "2015.03.05"]
[EventType "swiss"]
[EventRounds "9"]
[EventCountry "ESP"]
[Source "lmi"]
[SourceDate "2015.03.05"]

1. g3 g6 2. Bg2 Bg7 3. c4 c5 4. e4 Nc6 5. Ne2 e5 6. Nbc3 Nge7 7. O-O O-O 8. d3
a6 9. a4 d6 10. f4 Bg4 11. h3 Be6 12. Nd5 f5 13. Kh2 Kh8 14. Qb3 Rb8 15. Bd2
fxe4 16. dxe4 Nd4 17. Nxd4 exd4 18. Rad1 Nc6 19. Qd3 Bd7 20. b3 Qe8 21. g4 Qd8
22. g5 Ne7 23. Nxe7 Qxe7 24. f5 Be5+ 25. Kh1 Bc6 26. f6 Qe6 27. Rf3 b5 28. axb5
axb5 29. h4 bxc4 30. bxc4 Rb2 31. Bh3 Qf7 32. Bf4 Rb4 33. Bf1 Qe6 34. Bd2 Rb2
35. Bh3 Qf7 36. Bg4 Ra8 37. Rh3 Raa2 38. Rh2 Qb7 39. f7 Kg7 40. Bf3 Rb3 41.
Qxb3 Qxb3 42. h5 Qxd1+ 43. Kg2 Rxd2+ 0-1

[Event "Madrdid ch 2015 - Semifinal B"]
[Site "Madrid ESP"]
[Date "2015.03.14"]
[Round "5.7"]
[White "Marcos Herrero, Francisco"]
[Black "Gonzalez Mateos, Rafael"]
[Result "1-0"]
[WhiteElo "1921"]
[BlackElo "1999"]
[PlyCount "73"]
[EventDate "2015.03.05"]
[EventType "swiss"]
[EventRounds "9"]
[EventCountry "ESP"]
[Source "lmi"]
[SourceDate "2015.03.05"]

1. d4 Nf6 2. c4 e6 3. g3 d5 4. Bg2 Be7 5. Nf3 O-O 6. O-O dxc4 7. Qc2 c5 8. Na3
cxd4 9. Nxc4 Nc6 10. Rd1 Bd7 11. Nxd4 Nxd4 12. Rxd4 Qc8 13. Bf4 Nd5 14. Rad1
Bf6 15. R4d2 Nxf4 16. gxf4 Bb5 17. Nd6 Qxc2 18. Rxc2 Bc6 19. Nxb7 Bxg2 20. Kxg2
Rfc8 21. Nc5 a5 22. b3 Rc6 23. Rdc1 Rac8 24. Rc4 Be7 25. Nd3 Rxc4 26. Rxc4 Rxc4
27. bxc4 Bd6 28. Kf3 Kf8 29. Ke4 f6 30. h3 Ke7 31. Kd4 h6 32. c5 Bc7 33. Kc4 g5
34. fxg5 fxg5 35. Kb5 Kd7 36. f3 h5 37. a4 1-0

[Event "Madrdid ch 2015 - Semifinal B"]
[Site "Madrid ESP"]
[Date "2015.03.14"]
[Round "5.8"]
[White "Rosa Ramirez, Victor D"]
[Black "Morona Minguez, Miguel"]
[Result "1-0"]
[WhiteElo "1978"]
[BlackElo "1818"]
[PlyCount "65"]
[EventDate "2015.03.05"]
[EventType "swiss"]
[EventRounds "9"]
[EventCountry "ESP"]
[Source "lmi"]
[SourceDate "2015.03.05"]

1. e4 e5 2. Nf3 Nc6 3. Bc4 Be7 4. d4 d6 5. dxe5 Nxe5 6. Nxe5 dxe5 7. Qh5 g6 8.
Qxe5 Nf6 9. Bh6 Rg8 10. Bg5 Qd6 11. Qxd6 cxd6 12. Nc3 Be6 13. Bb5+ Nd7 14. Bd2
a6 15. Bxd7+ Kxd7 16. O-O-O b5 17. Be3 Rac8 18. Nd5 Bd8 19. a3 f5 20. e5 g5 21.
g3 dxe5 22. Nb6+ Kc6 23. Nxc8 Bxc8 24. b4 Be7 25. Rd3 Be6 26. Rhd1 f4 27. Bc5
Bxc5 28. bxc5 Kxc5 29. Rd6 Bc4 30. Rxa6 fxg3 31. hxg3 h5 32. Rdd6 Bd5 33. Rh6
1-0

[Event "Madrdid ch 2015 - Semifinal B"]
[Site "Madrid ESP"]
[Date "2015.03.14"]
[Round "5.10"]
[White "Largo Barbero, Benito"]
[Black "Del Noval Nemeshazi, Nesztor"]
[Result "1/2-1/2"]
[WhiteElo "1961"]
[BlackElo "1770"]
[PlyCount "71"]
[EventDate "2015.03.05"]
[EventType "swiss"]
[EventRounds "9"]
[EventCountry "ESP"]
[Source "lmi"]
[SourceDate "2015.03.05"]

1. d4 Nf6 2. Bg5 Ne4 3. Bf4 d5 4. f3 Nd6 5. Nd2 e6 6. e4 Be7 7. Bd3 O-O 8. Qe2
c6 9. c3 f5 10. e5 Nf7 11. O-O-O b5 12. g4 fxg4 13. Bg3 a5 14. h3 b4 15. c4
gxf3 16. Ngxf3 Nh6 17. c5 Ba6 18. Bxa6 Nxa6 19. h4 Nc7 20. Rdg1 a4 21. Qg2 Nf5
22. Bf4 Kh8 23. Qg4 Qd7 24. Rh2 a3 25. b3 Bd8 26. Rhg2 Nb5 27. Kb1 Nbxd4 28.
Nxd4 Nxd4 29. Bh6 Nf5 30. Bxg7+ Nxg7 31. Qxg7+ Qxg7 32. Rxg7 Bxh4 33. Rb7 Rab8
34. Rc7 Rbc8 35. Rb7 Rb8 36. Rc7 1/2-1/2

[Event "Madrdid ch 2015 - Semifinal B"]
[Site "Madrid ESP"]
[Date "2015.03.14"]
[Round "5.11"]
[White "Enfedaque Jimenez, Juan Carlos"]
[Black "Fernandez Rodriguez, Fernando"]
[Result "1/2-1/2"]
[WhiteElo "1758"]
[BlackElo "1746"]
[PlyCount "29"]
[EventDate "2015.03.05"]
[EventType "swiss"]
[EventRounds "9"]
[EventCountry "ESP"]
[Source "lmi"]
[SourceDate "2015.03.05"]

1. e4 e6 2. d4 d5 3. exd5 exd5 4. Nf3 Bd6 5. Bd3 Ne7 6. c3 Bf5 7. O-O O-O 8.
Re1 Bxd3 9. Qxd3 Nbc6 10. Ng5 Ng6 11. Be3 Qd7 12. Nd2 f6 13. Nh3 Nce7 14. Nf1
Qf5 15. Qxf5 1/2-1/2

[Event "Madrdid ch 2015 - Semifinal B"]
[Site "Madrid ESP"]
[Date "2015.03.14"]
[Round "5.12"]
[White "Vukotic Jovsic, Dragan"]
[Black "Yeves Miquel, Enrique"]
[Result "1/2-1/2"]
[WhiteElo "1986"]
[BlackElo "1715"]
[PlyCount "111"]
[EventDate "2015.03.05"]
[EventType "swiss"]
[EventRounds "9"]
[EventCountry "ESP"]
[Source "lmi"]
[SourceDate "2015.03.05"]

1. d4 Nf6 2. Bf4 e6 3. e3 c5 4. Nf3 d5 5. c3 Bd6 6. Ne5 Qc7 7. Nd2 Nc6 8. Bb5
O-O 9. Ndf3 Ne4 10. O-O f6 11. Nxc6 Bxf4 12. Ne7+ Qxe7 13. exf4 Qc7 14. g3 Qb6
15. Qe2 c4 16. Bxc4 Nxg3 17. hxg3 dxc4 18. Qxc4 Qxb2 19. f5 Qb6 20. Rfe1 Qc6
21. Qxc6 bxc6 22. fxe6 Re8 23. Rab1 Rxe6 24. a4 Rxe1+ 25. Nxe1 Ba6 26. Ng2 Re8
27. Ne3 Kf7 28. c4 Re4 29. d5 cxd5 30. cxd5 Rxa4 31. Rc1 Bb5 32. Rc7+ Kg6 33.
d6 Rd4 34. Rxa7 Rxd6 35. Rxg7+ Kxg7 36. Nf5+ Kf8 37. Nxd6 Bd3 38. f4 Ke7 39.
Nb7 h5 40. Nc5 Bf5 41. Kf2 Kd6 42. Nb3 Kd5 43. Ke3 Bg4 44. Nd4 Bd7 45. Nf3 Bc8
46. Nh4 Bg4 47. Ng2 Bc8 48. Kd3 Ba6+ 49. Ke3 Bc8 50. Nh4 Bg4 51. Ng6 Bh3 52. f5
Bxf5 53. Nf4+ Ke5 54. Nxh5 Bc8 55. Nf4 Kf5 56. Nh5 1/2-1/2

[Event "Madrdid ch 2015 - Semifinal B"]
[Site "Madrid ESP"]
[Date "2015.03.14"]
[Round "5.13"]
[White "De Dompablo Fantova, Juan"]
[Black "Estevez Sacristan, Deva"]
[Result "1-0"]
[WhiteElo "1722"]
[BlackElo "1648"]
[PlyCount "57"]
[EventDate "2015.03.05"]
[EventType "swiss"]
[EventRounds "9"]
[EventCountry "ESP"]
[Source "lmi"]
[SourceDate "2015.03.05"]

1. e4 e6 2. d4 d5 3. exd5 exd5 4. Bd3 Bd6 5. Nf3 Ne7 6. O-O Nbc6 7. c3 Bg4 8.
Na3 Qd7 9. Nb5 O-O-O 10. Nxd6+ Qxd6 11. Re1 f6 12. h3 Bd7 13. b4 Rdg8 14. a4
Nd8 15. b5 Be6 16. Ba3 Qd7 17. a5 g5 18. b6 cxb6 19. axb6 a6 20. c4 Nec6 21.
cxd5 Bxd5 22. Qc2 Kb8 23. Bf5 Qf7 24. Bd6+ Ka8 25. Re7 Nxe7 26. Qc7 Ndc6 27.
Rxa6+ bxa6 28. b7+ Ka7 29. Bc5# 1-0

[Event "Madrdid ch 2015 - Semifinal B"]
[Site "Madrid ESP"]
[Date "2015.03.20"]
[Round "6.1"]
[White "Hinojar Diez, David"]
[Black "Veganzones Rojo, David"]
[Result "1/2-1/2"]
[WhiteElo "2164"]
[BlackElo "2070"]
[PlyCount "74"]
[EventDate "2015.03.05"]
[EventType "swiss"]
[EventRounds "9"]
[EventCountry "ESP"]
[Source "lmi"]
[SourceDate "2015.03.05"]

1. e4 c6 2. d4 d5 3. exd5 cxd5 4. c4 Nf6 5. Nc3 e6 6. Nf3 Bb4 7. Qc2 dxc4 8.
Bxc4 a6 9. O-O b5 10. Bd3 Bb7 11. Ne4 Nbd7 12. Bf4 Rc8 13. Qe2 Qb6 14. Nxf6+
Nxf6 15. Be5 Be7 16. Rac1 O-O 17. Ng5 h6 18. h4 Rfd8 19. Bb1 Bd5 20. Rxc8 Rxc8
21. Bxf6 Bxf6 22. Qd3 Qb7 23. Qh7+ Kf8 24. Ne4 Bxe4 25. Bxe4 Qc7 26. d5 exd5
27. Bxd5 Rd8 28. Re1 g6 29. Qxh6+ Bg7 30. Qg5 Qd6 31. Bb3 Bf6 32. Qh6+ Bg7 33.
Qg5 Bf6 34. Qe3 Qd4 35. Qh6+ Bg7 36. Qg5 Bf6 37. Qh6+ Bg7 1/2-1/2

[Event "Madrdid ch 2015 - Semifinal B"]
[Site "Madrid ESP"]
[Date "2015.03.20"]
[Round "6.2"]
[White "Herranz Sanchez, Pablo"]
[Black "Perez De Aranda A., Leonardo I"]
[Result "0-1"]
[WhiteElo "1899"]
[BlackElo "2094"]
[PlyCount "140"]
[EventDate "2015.03.05"]
[EventType "swiss"]
[EventRounds "9"]
[EventCountry "ESP"]
[Source "lmi"]
[SourceDate "2015.03.05"]

1. e4 d6 2. d4 Nf6 3. Nc3 e5 4. dxe5 dxe5 5. Qxd8+ Kxd8 6. Bg5 Be6 7. Nf3 Bd6
8. O-O-O Kc8 9. Bxf6 gxf6 10. Bd3 Rg8 11. Rhg1 Bc5 12. Rd2 c6 13. Nh4 Nd7 14.
Nf5 Kc7 15. Kb1 a5 16. Na4 Bb4 17. c3 Bf8 18. b3 b5 19. Nb2 Nc5 20. Bc2 a4 21.
b4 a3 22. Nd1 Na4 23. Bb3 c5 24. Nfe3 cxb4 25. cxb4 Bxb4 26. Nd5+ Bxd5 27. Rxd5
Nc5 28. Bc2 Ne6 29. Ne3 Bc5 30. Bd3 Rad8 31. Rc1 Kb6 32. Rc3 Rxd5 33. Nxd5+ Ka5
34. g3 b4 35. Rc4 Rb8 36. Bc2 Bxf2 37. Nxf6 Nc5 38. Bb3 Nxb3 39. axb3 Bd4 40.
Nd5 Rb5 41. Rc8 Rb7 42. Rc4 Bc3 43. Rc5+ Rb5 44. Rc7 Rb8 45. Ka2 Be1 46. Rxf7
h5 47. Rf5 Rc8 48. Rxh5 Rc2+ 49. Ka1 Bf2 50. Rh8 Bd4+ 51. Kb1 Rb2+ 52. Kc1 a2
53. Ra8+ Kb5 54. Rb8+ Kc5 55. Rc8+ Kd6 56. Rd8+ Ke6 57. Re8+ Kf7 58. Re7+ Kf8
59. Ra7 Rxh2 60. Ra8+ Kf7 61. Nxb4 a1=Q+ 62. Rxa1 Bxa1 63. Nc6 Re2 64. b4 Rxe4
65. b5 Bd4 66. Kc2 Ke6 67. Kd3 Re3+ 68. Kc4 Rxg3 69. Nxd4+ exd4 70. Kxd4 Kd6
0-1

[Event "Madrdid ch 2015 - Semifinal B"]
[Site "Madrid ESP"]
[Date "2015.03.20"]
[Round "6.3"]
[White "Garcia Serrano, Jose M"]
[Black "Rodrigo Yanguas, Maria"]
[Result "0-1"]
[WhiteElo "1773"]
[BlackElo "2184"]
[PlyCount "84"]
[EventDate "2015.03.05"]
[EventType "swiss"]
[EventRounds "9"]
[EventCountry "ESP"]
[Source "lmi"]
[SourceDate "2015.03.05"]

1. e4 e6 2. d4 d5 3. Nc3 Nf6 4. Bg5 Bb4 5. e5 h6 6. Bd2 Bxc3 7. bxc3 Ne4 8. Qg4
Kf8 9. h4 c5 10. Rh3 Qa5 11. Bd3 Nxd2 12. Kxd2 cxd4 13. Rg3 Qxc3+ 14. Ke2 Rg8
15. Rb1 b6 16. Rb3 Qc7 17. Bh7 Qxe5+ 18. Kd2 Rh8 19. Nf3 Qf6 20. Ng5 Qxf2+ 21.
Kd1 Qg1+ 22. Kd2 Qf2+ 23. Kd1 hxg5 24. Rbf3 Qg1+ 25. Kd2 Rxh7 26. Qxg5 Nc6 27.
Qg6 Ne5 28. Rxf7+ Nxf7 29. Rf3 Qe3+ 30. Rxe3 dxe3+ 31. Kxe3 Rh6 32. Qg3 Ba6 33.
Qf4 e5 34. Qa4 b5 35. Qa5 Nd6 36. Qb4 Kg8 37. Ke2 Rc8 38. Qa3 Rxc2+ 39. Kd1 Rc6
40. Qf3 Ne4 41. g4 Rxh4 42. g5 Rh1+ 0-1

[Event "Madrdid ch 2015 - Semifinal B"]
[Site "Madrid ESP"]
[Date "2015.03.20"]
[Round "6.4"]
[White "Martin Hernandez, Vicente"]
[Black "Vallejo Nuno, Jorge"]
[Result "0-1"]
[WhiteElo "1935"]
[BlackElo "2035"]
[PlyCount "60"]
[EventDate "2015.03.05"]
[EventType "swiss"]
[EventRounds "9"]
[EventCountry "ESP"]
[Source "lmi"]
[SourceDate "2015.03.05"]

1. d4 f5 2. Nf3 Nf6 3. c4 g6 4. Nc3 Bg7 5. g3 O-O 6. Bg2 d6 7. O-O c6 8. Qb3
Kh8 9. Bf4 h6 10. h4 Nh5 11. e3 Qc7 12. c5 Nxf4 13. exf4 dxc5 14. dxc5 Nd7 15.
Qc4 e5 16. fxe5 Nxe5 17. Nxe5 Bxe5 18. f4 Bf6 19. Kf2 b5 20. cxb6 Qxb6+ 21. Kf3
Ba6 22. Qb3 Bxf1 23. Bxf1 Rad8 24. Qxb6 axb6 25. Rd1 Bxc3 26. Rxd8 Rxd8 27.
bxc3 Rd2 28. Bc4 Rc2 29. Bf7 Rxc3+ 30. Kf2 Kg7 0-1

[Event "Madrdid ch 2015 - Semifinal B"]
[Site "Madrid ESP"]
[Date "2015.03.20"]
[Round "6.5"]
[White "Ruiz Sanchez, Roberto"]
[Black "Saribekyan, Garnik"]
[Result "1/2-1/2"]
[WhiteElo "1897"]
[BlackElo "1678"]
[PlyCount "57"]
[EventDate "2015.03.05"]
[EventType "swiss"]
[EventRounds "9"]
[EventCountry "ESP"]
[Source "lmi"]
[SourceDate "2015.03.05"]

1. e4 e6 2. d4 d5 3. Nd2 Nf6 4. e5 Nfd7 5. Bd3 c5 6. c3 Nc6 7. Ne2 cxd4 8. cxd4
f6 9. exf6 Nxf6 10. O-O Bd6 11. Nf3 Qc7 12. Bg5 O-O 13. Bh4 Nh5 14. Rc1 g6 15.
a3 Qg7 16. Re1 Bd7 17. Bg3 Nxg3 18. hxg3 Qf6 19. Bb1 Bc7 20. Ba2 Bb6 21. Qd2
Rae8 22. Rcd1 Kg7 23. Nc3 Bc7 24. b4 a6 25. Bb3 Na7 26. Ne5 Bxe5 27. Rxe5 Nb5
28. Nxb5 Bxb5 29. Rc1 1/2-1/2

[Event "Madrdid ch 2015 - Semifinal B"]
[Site "Madrid ESP"]
[Date "2015.03.20"]
[Round "6.6"]
[White "Martin Rodriguez, Emilio"]
[Black "Marcos Herrero, Francisco"]
[Result "1-0"]
[WhiteElo "2091"]
[BlackElo "1921"]
[PlyCount "57"]
[EventDate "2015.03.05"]
[EventType "swiss"]
[EventRounds "9"]
[EventCountry "ESP"]
[Source "lmi"]
[SourceDate "2015.03.05"]

1. d4 Nf6 2. c4 c5 3. d5 b5 4. Qc2 bxc4 5. e4 g6 6. Bxc4 d6 7. Nf3 Bg7 8. O-O
O-O 9. h3 Ba6 10. Na3 Nfd7 11. Rd1 Nb6 12. Bxa6 Nxa6 13. Qe2 Nc7 14. Bg5 Qd7
15. Rab1 Rfe8 16. b4 Qa4 17. bxc5 Nbxd5 18. exd5 Qxa3 19. c6 e6 20. dxe6 Nxe6
21. Qc4 Qc5 22. Qd5 Rac8 23. Rbc1 Qxd5 24. Rxd5 Nxg5 25. Nxg5 Re5 26. Rxd6 Rxg5
27. c7 Re5 28. Rd8+ Re8 29. Rxe8+ 1-0

[Event "Madrdid ch 2015 - Semifinal B"]
[Site "Madrid ESP"]
[Date "2015.03.20"]
[Round "6.7"]
[White "Aguilera Lopez, Alejandro"]
[Black "Vazquez Gonzalez, Jesus"]
[Result "1-0"]
[WhiteElo "1879"]
[BlackElo "2014"]
[PlyCount "113"]
[EventDate "2015.03.05"]
[EventType "swiss"]
[EventRounds "9"]
[EventCountry "ESP"]
[Source "lmi"]
[SourceDate "2015.03.05"]

1. d4 g6 2. Nf3 Bg7 3. Bf4 d6 4. e3 Nf6 5. Be2 c6 6. c4 Qb6 7. Qb3 Qxb3 8. axb3
Nh5 9. Bg3 Nxg3 10. hxg3 Na6 11. Nc3 Nb4 12. O-O-O Bf5 13. e4 Bg4 14. Ng1 Bd7
15. f4 h5 16. Nf3 O-O 17. Ne1 Rfb8 18. Nc2 a5 19. Bf3 Ra6 20. e5 Bf5 21. Be4
Bg4 22. Bf3 Bxf3 23. gxf3 b5 24. cxb5 cxb5 25. Nxb4 axb4 26. Nd5 dxe5 27. fxe5
Ra1+ 28. Kc2 Rc8+ 29. Kd3 Ra7 30. Nxb4 Rd7 31. Ke4 f5+ 32. Ke3 e6 33. f4 Bf8
34. Nd3 Rcd8 35. Nf2 Bb4 36. Nh3 Bc5 37. Ng5 Bxd4+ 38. Ke2 Bxb2 39. Nxe6 Rxd1
40. Rxd1 Rxd1 41. Kxd1 Kf7 42. Ng5+ Ke7 43. Ke2 Bc3 44. Nf3 b4 45. Kd3 Kd7 46.
Kc4 Ke7 47. Kd5 Kd7 48. e6+ Ke7 49. Ne5 Be1 50. Nxg6+ Ke8 51. Ke5 Bxg3 52. Kxf5
Bf2 53. Kg5 h4 54. Nxh4 Ke7 55. f5 Be3+ 56. Kg6 Bd4 57. Ng2 1-0

[Event "Madrdid ch 2015 - Semifinal B"]
[Site "Madrid ESP"]
[Date "2015.03.20"]
[Round "6.8"]
[White "Gonzalez Mateos, Rafael"]
[Black "Rosa Ramirez, Victor D"]
[Result "1/2-1/2"]
[WhiteElo "1999"]
[BlackElo "1978"]
[PlyCount "96"]
[EventDate "2015.03.05"]
[EventType "swiss"]
[EventRounds "9"]
[EventCountry "ESP"]
[Source "lmi"]
[SourceDate "2015.03.05"]

1. d4 Nf6 2. c3 g6 3. Bg5 Bg7 4. Nd2 O-O 5. e4 d6 6. Bd3 c5 7. dxc5 dxc5 8. Qe2
Nc6 9. Ngf3 h6 10. Bh4 Nh5 11. Bg3 Bg4 12. O-O Nxg3 13. hxg3 Ne5 14. Bc2 Qb6
15. Rab1 Rad8 16. Qe3 Bxf3 17. Nxf3 Nc4 18. Qc1 Qa5 19. a3 b5 20. Rd1 Rxd1+ 21.
Bxd1 Kh7 22. Be2 Nd6 23. e5 Nb7 24. Qc2 c4 25. b3 cxb3 26. Qxb3 a6 27. c4 Nc5
28. Qb4 Qxb4 29. axb4 Na4 30. Ra1 Nc3 31. Bf1 Rd8 32. Ra3 Ne4 33. cxb5 axb5 34.
Re3 Nd2 35. Bxb5 Nxf3+ 36. Rxf3 Kg8 37. e6 fxe6 38. Bc4 Rd1+ 39. Kh2 Rd6 40. b5
Bf6 41. Rd3 Kf7 42. f4 Rxd3 43. Bxd3 Bd4 44. g4 g5 45. Kg3 gxf4+ 46. Kxf4 Kf6
47. Ke4 Bb6 48. Bc4 Bf2 1/2-1/2